Major addresses at the White House Conference "To Fulfill These Rights" June 1-2, 1966.

Bibliographic Details
Corporate Author: White House Conference: "To Fulfill These Rights" Washington, D.C.
Format: Conference Proceeding eBook
Language:English
Published: Washington, D.C. : U.S. Government Printing Office, 1966.
Series:Black thought and culture.
Subjects:
Online Access:Connect to the full text of this electronic book

MARC

Tag First Indicator Second Indicator Subfields
LEADER 00000cam a22000003i 4500
001 in00002503599
005 20190327173500.0
006 m||||||||d||||||||
007 cr |n ---||a|a
008 941214s1966 dcu s 000|0 eng d
035 |a (VaAlASP)ASPS00009633/bltc 
040 |c OWorP  |d OCoLC  |d OWorP  |d NN  |d CStRLIN  |d NhD  |d VaAlASP  |d UtOrBLW 
111 2 |a White House Conference: "To Fulfill These Rights"  |d (1966 :  |c Washington, D.C.) 
245 1 0 |a Major addresses at the White House Conference "To Fulfill These Rights" June 1-2, 1966. 
246 3 |a To fulfill these rights 
264 1 |a Washington, D.C. :  |b U.S. Government Printing Office,  |c 1966. 
300 |a 66 pages ;  |c 23 cm. 
336 |a text  |b txt  |2 rdacontent 
337 |a computer  |b c  |2 rdamedia 
338 |a online resource  |b cr  |2 rdacarrier 
500 |a On cover: White House Conference "To Fulfill These Rights" Speeches June 1-2, 1966, Washington, D.C. 
505 0 |a Address of Lyndon B. Johnson -- Address of A. Philip Randolph -- Address of Hubert H. Humphrey -- Address of Thurgood Marshall -- Address of Roy Wilkins. 
533 |a Electronic reproduction.  |b Alexandria, VA :  |c Alexander Street Press,  |d 2003.  |f (Black thought and culture).  |n Available via World Wide Web. 
500 |a Electronic resource. 
650 0 |a Public welfare. 
650 0 |a African Americans  |x Civil rights. 
650 0 |a African Americans. 
650 0 |a Speeches, addresses, etc., American. 
655 0 |a Electronic books. 
830 0 |a Black thought and culture. 
856 4 0 |z Connect to the full text of this electronic book  |u http://proxy.library.tamu.edu/login?url=http://www.aspresolver.com/aspresolver.asp?BLTC;S9633  |t 0 
999 |a MARS 
999 f f |s 6b5cf1c7-1177-396b-b3c4-67659adad984  |i da803139-9a5b-3f10-8e67-8576d78f79e1  |t 0 
952 f f |a Texas A&M University  |b College Station  |c Electronic Resources  |d Available Online  |t 0  |h No information provided 
998 f f |t 0  |l Available Online